| 000 | 00000nas 2200000za 4500 |
| 001 | 9.507779 |
| 003 | CaOODSP |
| 005 | 20241203113633 |
| 007 | cr ||||||||||| |
| 008 | 150406d20042009oncar p o||||f| |0eng|d |
| 040 | |aCaOODSP|beng |
| 043 | |an-cn--- |
| 086 | 1 |aEn1-53E-PDF |
| 245 | 00|aEbb & flow |h[electronic resource] : |ba newsletter of the Atlantic Coastal Action Program / |cPublished by the Community and Departmental Relations Branch. |
| 246 | 3 |aEbb and flow : |ba newsletter of the Atlantic Coastal Action Program |
| 246 | 13|aEbb & flow : |ba newsletter of the Atlantic Coastal Action Program (ACAP)|fWinter 2007-Winter 2008 |
| 246 | 13|aEbb & flow : |ba newsletter of the Atlantic Ecosystem Initiative (AEI)|fSpring 2009 |
| 260 | |aOttawa : |bEnvironment Canada, |c[2004-2009] |
| 310 | |aAnnual |
| 362 | 1 |aBegan with : Summer 2004; ceased with : Spring 2009? |
| 500 | |aIssued also in French under title: Flux $ reflux : le bulletin d'information du Programme d'assainissement du littoral atlantique. |
| 520 | 3 |aEbb & Flow is a newsletter published by the Community and Departmental Relations Branch of Environment Canada. It aims to serve as a communications tool for those involved in ACAP, as well as the general public. |
| 710 | 1 |aCanada. |bEnvironment Canada. |
| 775 | 08|tFlux & reflux |w(CaOODSP)9.504159 |